000 00776nam a2200253Ia 4500
003 OSt
005 20220918170847.0
006 a|||||r|||| 00| 0
007 ta
008 220917b |||||||| |||| 00| 0 eng d
020 _a9780748621538 (pbk)
_c904.52
024 _a240,482
037 _bIN2463, 29/01/2010, New India Book Agency
_cTextual
040 _aARTS
_cARTS
_beng
041 _2eng
_aeng
082 _aR39(Y15), P7
100 _aMchugh Nancy Arden
_931772
245 0 _aFeminist philosophies A-Z
260 _aEdinburgh
_bEdinburgh University Press
_c2007
300 _axii,171p.
_ccm.
650 _aPHILOSOPHY
942 _hR39(Y15), P7
_cTEXL
_2CC
999 _c136293
_d136293